| 000 | 00537nam a22002057a 4500 | ||
|---|---|---|---|
| 999 |
_c1372 _d1372 |
||
| 003 | OSt | ||
| 005 | 20190924115049.0 | ||
| 008 | 150409b xxu||||| |||| 00| 0 eng d | ||
| 020 | _a0131219332 | ||
| 040 | _c040a | ||
| 082 |
_a515.5 _bKOL 2004 |
||
| 100 |
_aKolman, Bernard; Hill, David R. _92693 |
||
| 245 | _aElementary Linear Algebra | ||
| 250 | _a8th ed. | ||
| 260 |
_aNew Jersey; _bPearson, _c2004 |
||
| 300 |
_axv, 628p ; _bcol.ill : _c10 cm. |
||
| 504 | _aincludes index | ||
| 650 |
_aLinear algebra _93634 |
||
| 942 |
_2ddc _cSLOAN |
||